<?xml version="1.0" encoding="UTF-8"?>
<record
    xmlns:xsi="http://www.w3.org/2001/XMLSchema-instance"
    xsi:schemaLocation="http://www.loc.gov/MARC21/slim http://www.loc.gov/standards/marcxml/schema/MARC21slim.xsd"
    xmlns="http://www.loc.gov/MARC21/slim">

  <leader>03102cam a2200409 i 4500</leader>
  <datafield tag="999" ind1=" " ind2=" ">
    <subfield code="c">22072</subfield>
    <subfield code="d">22072</subfield>
  </datafield>
  <controlfield tag="001">17868975</controlfield>
  <controlfield tag="003">OSt</controlfield>
  <controlfield tag="005">20170123121421.0</controlfield>
  <controlfield tag="008">130827s2015    maua     b    001 0 eng  </controlfield>
  <datafield tag="010" ind1=" " ind2=" ">
    <subfield code="a">  2013035040</subfield>
  </datafield>
  <datafield tag="020" ind1=" " ind2=" ">
    <subfield code="a">9780133077728</subfield>
  </datafield>
  <datafield tag="020" ind1=" " ind2=" ">
    <subfield code="a">0133077721</subfield>
  </datafield>
  <datafield tag="035" ind1=" " ind2=" ">
    <subfield code="a">(DNLM)101615909</subfield>
  </datafield>
  <datafield tag="040" ind1=" " ind2=" ">
    <subfield code="a">DNLM/DLC</subfield>
    <subfield code="c">DLC</subfield>
    <subfield code="e">rda</subfield>
    <subfield code="d">DLC</subfield>
  </datafield>
  <datafield tag="042" ind1=" " ind2=" ">
    <subfield code="a">pcc</subfield>
  </datafield>
  <datafield tag="050" ind1="0" ind2="0">
    <subfield code="a">RK361</subfield>
    <subfield code="b">.W45 2015</subfield>
  </datafield>
  <datafield tag="060" ind1="1" ind2="0">
    <subfield code="a">WU 240</subfield>
  </datafield>
  <datafield tag="082" ind1="0" ind2="0">
    <subfield code="a">617.6/32</subfield>
    <subfield code="2">23</subfield>
  </datafield>
  <datafield tag="100" ind1="1" ind2=" ">
    <subfield code="a">Weinberg, Mea A.,</subfield>
    <subfield code="e">author.</subfield>
  </datafield>
  <datafield tag="245" ind1="1" ind2="0">
    <subfield code="a">Comprehensive periodontics for the dental hygienist /</subfield>
    <subfield code="c">Mea A. Weinberg, D.M.D., M.S.D., R.Ph., Cheryl Westphal Theile, Ed.D., R.D.H., Stuart J. Froum, D.D.S., Stuart L. Segelnick, D.D.S., M.S., New York University College of Dentistry New York, New York.</subfield>
  </datafield>
  <datafield tag="250" ind1=" " ind2=" ">
    <subfield code="a">Fourth edition.</subfield>
  </datafield>
  <datafield tag="264" ind1=" " ind2="1">
    <subfield code="a">Boston :</subfield>
    <subfield code="b">Pearson,</subfield>
    <subfield code="c">[2015]</subfield>
  </datafield>
  <datafield tag="300" ind1=" " ind2=" ">
    <subfield code="a">xi, 488 p. :</subfield>
    <subfield code="b">color illustrations ;</subfield>
    <subfield code="c">28 cm.</subfield>
  </datafield>
  <datafield tag="336" ind1=" " ind2=" ">
    <subfield code="a">text</subfield>
    <subfield code="2">rdacontent</subfield>
  </datafield>
  <datafield tag="337" ind1=" " ind2=" ">
    <subfield code="a">unmediated</subfield>
    <subfield code="2">rdamedia</subfield>
  </datafield>
  <datafield tag="338" ind1=" " ind2=" ">
    <subfield code="a">volume</subfield>
    <subfield code="2">rdacarrier</subfield>
  </datafield>
  <datafield tag="500" ind1=" " ind2=" ">
    <subfield code="a">Preceded by Comprehensive periodontics for the dental hygienist / Mea A. Weinberg ... [et al.] ; consulting editor, James Burke Fine. 3rd ed. c2010.</subfield>
  </datafield>
  <datafield tag="504" ind1=" " ind2=" ">
    <subfield code="a">Includes bibliographical references and index.</subfield>
  </datafield>
  <datafield tag="505" ind1="0" ind2=" ">
    <subfield code="a">Anatomy of the periodontal structures: the healthy state -- Epidemiology of periodontal diseases -- Dental biofilm: microbiology of periodontal diseases -- Bacterial and the host response: inflammatory and immunology fundamentals -- Local contributory factors for periodontal diseases -- The oral-systemic disease connection -- Gingival diseases -- Periodontitis and other periodontal conditions -- Necrotizing periodontal diseases -- Occlusal trauma -- Abscesses of the periodontum -- Dental hygiene process of care for the patient with periodontal disease -- Patient history -- Clinical examination: extraoral/intraoral examination and dental evaluation -- Clinical examination: gingival assessment -- Clinical examination: periodontal assessment -- Radiographic assessment -- Advances in detecting and monitoring periodontal diseases -- Problem-/evidence-based treatment planning -- Oral hygiene for the periodontal patient: beyond the basics -- Therapy and response to nonsurgical periodontal therapy -- Periodontal maintenance therapy -- Topical drug delivery systems: oral rinses and irrigation -- Systemic and local drug delivery systems: systemic antibiotics, local drug devices, and enzyme suppression therapy -- Principles of periodontal surgery: gingivectomy, osseous resection, and periodontal plastic surgery -- Principles of periodontal surgery: periodontal regeneration -- Implantology -- Case studies.</subfield>
  </datafield>
  <datafield tag="650" ind1="1" ind2="2">
    <subfield code="a">Periodontal Diseases.</subfield>
  </datafield>
  <datafield tag="700" ind1="1" ind2=" ">
    <subfield code="a">Theile, Cheryl M. Westphal,</subfield>
    <subfield code="e">author.</subfield>
  </datafield>
  <datafield tag="700" ind1="1" ind2=" ">
    <subfield code="a">Froum, Stuart J.,</subfield>
    <subfield code="e">author.</subfield>
  </datafield>
  <datafield tag="700" ind1="1" ind2=" ">
    <subfield code="a">Segelnick, Stuart L.,</subfield>
    <subfield code="e">author.</subfield>
  </datafield>
  <datafield tag="906" ind1=" " ind2=" ">
    <subfield code="a">7</subfield>
    <subfield code="b">cbc</subfield>
    <subfield code="c">orignew</subfield>
    <subfield code="d">1</subfield>
    <subfield code="e">ecip</subfield>
    <subfield code="f">20</subfield>
    <subfield code="g">y-gencatlg</subfield>
  </datafield>
  <datafield tag="942" ind1=" " ind2=" ">
    <subfield code="2">lcc</subfield>
    <subfield code="c">BOOKS</subfield>
    <subfield code="h">RK 361 .C58 2001</subfield>
  </datafield>
  <datafield tag="952" ind1=" " ind2=" ">
    <subfield code="0">0</subfield>
    <subfield code="1">0</subfield>
    <subfield code="2">lcc</subfield>
    <subfield code="4">0</subfield>
    <subfield code="7">0</subfield>
    <subfield code="a">MUC</subfield>
    <subfield code="b">MUC</subfield>
    <subfield code="c">TECH</subfield>
    <subfield code="d">2017-01-23</subfield>
    <subfield code="e">Donation (BFA)</subfield>
    <subfield code="l">0</subfield>
    <subfield code="o">RK 361 .C58 2001</subfield>
    <subfield code="p">31333</subfield>
    <subfield code="r">2018-07-13</subfield>
    <subfield code="w">2017-01-23</subfield>
    <subfield code="y">BOOKS</subfield>
  </datafield>
</record>
